| 000 | 00626nam a2200229Ia 4500 | ||
|---|---|---|---|
| 003 | OSt | ||
| 005 | 20260216095404.0 | ||
| 008 | 210210b2002 xxu||||| |||| 00| 0 eng d | ||
| 020 | _a81 269 0082 2 | ||
| 040 | _cAL | ||
| 041 | _aEnglish | ||
| 082 | _a820.09 MISC | ||
| 100 |
_aMishra N K _9159244 |
||
| 245 | _aCritical response to Indian english literature. | ||
| 260 |
_aN D _bAtlantic Publishers & distributors. _c2002 |
||
| 300 | _ax,198 | ||
| 650 |
_aIndian English Literature _9159245 |
||
| 690 |
_aIndian English Criticism _9159246 |
||
| 700 |
_aTripathy ,Sabita _9254980 |
||
| 906 | _a060478 | ||
| 942 |
_2ddc _cBK |
||
| 999 |
_c107445 _d107445 |
||